000 00492nam a22001697a 4500
020 _a978-93-80658-18-6
082 _a823
_bCAN/C
100 _aCANFIELD, JACK
100 _aHANSEN, MARK VICTOR
100 _aNEWMARK, AMY
245 _aCHICKEN SOUP FOR THE SOUL
_bTEACHER TALES
260 _aCHENNAI
_bWESTLAND
_c2009
300 _a397
520 _a101 INSPIRATIONAL STORIES FROM GREAT TEACHERS AND APPRECIATIVE STUDENTS
650 _aSELF-HELP, INSPIRATIONAL
_zUNITED KINGDOM
942 _cBK
999 _c7776
_d7776